| 000 | 00714nam a2200193 a 4500 | ||
|---|---|---|---|
| 001 | 000015673 | ||
| 005 | 20200929164119.0 | ||
| 008 | 100217s1979 dr 000 0 spa d | ||
| 040 |
_aDO-SdBNP _bspa _cBNPHU |
||
| 082 |
_axxx _bB142n |
||
| 100 | 1 |
_aBáez Ortiz, Bolivar _935326 |
|
| 245 | 1 | 0 |
_aNuevos enfoques de las finanzas públicas / _cBolivar Báez Ortiz. |
| 260 |
_aSanto Domingo : _bSecretaría de Estado de Finanzas, _c1979. |
||
| 300 |
_a12 p. ; _c21 cm. |
||
| 490 | 1 | _aPublicaciones Técnica de la Secretaría de Estado de Finanzas | |
| 500 | _aCharla dictada en el Club de Ejcutivos de Santo Domingo | ||
| 830 | 0 |
_aPublicaciones Técnica de la Secretaría de Estado de Finanzas _935327 |
|
| 049 | _aBNPD | ||
| 999 |
_c15225 _d15225 |
||